Govt. of
Madhya Pradesh

Ethnicity And Constitutional Reform In South Asia (Record no. 397)

MARC details
000 -LEADER
fixed length control field 005090000a22001930004500
001 - CONTROL NUMBER
control field 000395
003 - CONTROL NUMBER IDENTIFIER
control field MACL
005 - DATE AND TIME OF LATEST TRANSACTION
control field 20150730134946.0
008 - FIXED-LENGTH DATA ELEMENTS--GENERAL INFORMATION
fixed length control field 150730b xxu||||| |||| 00| 0 eng d
040 ## - CATALOGING SOURCE
Original cataloging agency MACL
Transcribing agency MACL
041 ## - LANGUAGE CODE
Language code of text/sound track or separate title English
082 ## - DEWEY DECIMAL CLASSIFICATION NUMBER
Classification number 340/IFT
100 ## - MAIN ENTRY--PERSONAL NAME
Personal name Iftekharuzzaman,
9 (RLIN) 3450
245 ## - TITLE STATEMENT
Title Ethnicity And Constitutional Reform In South Asia
Statement of responsibility, etc. Iftekharuzzaman
260 ## - PUBLICATION, DISTRIBUTION, ETC. (IMPRINT)
Place of publication, distribution, etc. Delhi
Date of publication, distribution, etc. 1998
Name of publisher, distributor, etc. Regional Centre For strategic Studies,
350 ## - PRICE (NR) (BK AM CF MU VM SE) [OBSOLETE]
Price 350
650 ## - SUBJECT ADDED ENTRY--TOPICAL TERM
Topical term or geographic name as entry element Law
9 (RLIN) 3451
942 ## - ADDED ENTRY ELEMENTS (KOHA)
Call number prefix 340
Koha item type Books
Source of classification or shelving scheme
Holdings
Withdrawn status Lost status Source of classification or shelving scheme Damaged status Not for loan Home library Current library Date acquired Cost, normal purchase price Total Checkouts Full call number Barcode Date last seen Uniform Resource Identifier Price effective from Koha item type
          MACL MACL 15/04/2015 350.00   340/IFT CRE012310 02/05/2024 394 15/04/2015 Books